000 00680nam a2200289Ia 4500
005 20260324133257.0
008 008 260324s9999 xx 000 0 eng d
020 _a9781315074467
037 _aEBOOK
040 _aCRL
040 _beng
040 _cCRL
041 _2eng
041 _aeng
084 _qCRL
100 _aM. Santamouris
_91192477
245 0 _aSolar Thermal Technologies for Buildings
245 4 _bThe State of the Art
260 _bTaylor and Francis
260 _c2003
365 _a
365 _b275
856 _uhttp://www.taylorfrancis.com/books/9781315074467
942 _cEBOOK
999 _c1791372
_d1791372